Природные факторы аварий в нефтегазовом комплексе в бассейнах рек Васюгана и Парабели (Томская область); Творчество юных - шаг в успешное будущее

Manylion Llyfryddiaeth
Parent link:Творчество юных - шаг в успешное будущее.— 2014.— [С. 54-57]
Prif Awdur: Иванова Е. В.
Awdur Corfforaethol: Национальный исследовательский Томский политехнический университет (ТПУ) Институт природных ресурсов (ИПР) Кафедра гидрогеологии, инженерной геологии и гидрогеоэкологии (ГИГЭ)
Awduron Eraill: Савичев О. Г. Олег Геннадьевич (научный руководитель)
Crynodeb:Заглавие с титульного экрана
Iaith:Rwseg
Cyhoeddwyd: 2014
Cyfres:Роль воды в развитии жизни Земли и формировании ее минеральных ресурсов
Pynciau:
Mynediad Ar-lein:http://www.lib.tpu.ru/fulltext/c/2015/C66/018.pdf
Fformat: Electronig Pennod Llyfr
KOHA link:https://koha.lib.tpu.ru/cgi-bin/koha/opac-detail.pl?biblionumber=612434

MARC

LEADER 00000naa2a2200000 4500
001 612434
005 20231101132716.0
035 |a (RuTPU)RU\TPU\conf\10556 
035 |a RU\TPU\conf\10549 
090 |a 612434 
100 |a 20150616d2014 k y0rusy50 ca 
101 0 |a rus 
102 |a RU 
105 |a y z 101zy 
135 |a drgn ---uucaa 
181 0 |a i  
182 0 |a b 
200 1 |a Природные факторы аварий в нефтегазовом комплексе в бассейнах рек Васюгана и Парабели (Томская область)  |f Е. В. Иванова  |g науч. рук. О. Г. Савичев 
203 |a Текст  |c электронный 
225 1 |a Роль воды в развитии жизни Земли и формировании ее минеральных ресурсов 
230 |a 1 компьютерный файл (pdf; 672 Кб) 
300 |a Заглавие с титульного экрана 
320 |a [Библиогр.: с. 56-57 (12 назв.)] 
337 |a Adobe Reader 
463 0 |0 (RuTPU)RU\TPU\conf\10372  |t Творчество юных - шаг в успешное будущее  |o материалы VII Всероссийской научной студенческой конференции с элементами научной школы имени профессора М.К. Коровина, г. Томск, 10-14 ноября 2014 г.  |f Национальный исследовательский Томский политехнический университет (ТПУ) ; под ред. А. Ю. Дмитриева  |v [С. 54-57]  |d 2014 
610 1 |a труды учёных ТПУ 
610 1 |a электронный ресурс 
610 1 |a природные факторы 
610 1 |a аварии 
610 1 |a нефтегазовые комплексы 
610 1 |a реки 
610 1 |a Васюган 
610 1 |a Парабель 
610 1 |a Томская область 
700 1 |a Иванова  |b Е. В. 
702 1 |a Савичев  |b О. Г.  |c геолог  |c профессор Томского политехнического университета, доктор географических наук  |f 1967-  |g Олег Геннадьевич  |2 stltpush  |4 727 
712 0 2 |a Национальный исследовательский Томский политехнический университет (ТПУ)  |b Институт природных ресурсов (ИПР)  |b Кафедра гидрогеологии, инженерной геологии и гидрогеоэкологии (ГИГЭ)  |h 100  |2 stltpush  |3 (RuTPU)RU\TPU\col\18664 
801 2 |a RU  |b 63413507  |c 20161013  |g RCR 
856 4 |u http://www.lib.tpu.ru/fulltext/c/2015/C66/018.pdf 
942 |c BK